000 00381nam a2200181Ia 4500
003 IT-RoPAU
008 120407s9999 xx 000 0 und d
040 _aIT-RoPAU
040 _cIT-RoPAU
100 _aOrigene
245 _aDisputa con Eraclide
260 _aEdizioni Paoline
300 _c cm
490 _v1
600 _acollana Patristica
942 _cBK
999 _c3568
_d3568